000 00298nam a22001337a 4500
008 171221b xxu||||| |||| 00| 0 eng d
020 _a0721652991
041 _aeng
080 _a617
100 _a8
101 _aOFT
245 _aPEDIATRIC OPHTHALMOLOGY
_cNELSON.L.B
942 _2udc
_cBK
999 _c39269
_d39269